000
00191 a2200097 4500
001
3999
100
_a
Hall,H.S
245
_a
Higher algebra
260
_a
_b
Macmillan
_c
090
_c
3226
_d
3226
942
_a
NUST-CAE
_c
M
_c
24736
999
_c
239072
_d
239072